Welcome to CU Library Online Public Access Catalogue (OPAC)

Economic development / (Record no. 5129)

MARC details
000 -LEADER
fixed length control field 00690cam a2200229 a 4500
001 - CONTROL NUMBER
control field 12728131
005 - DATE AND TIME OF LATEST TRANSACTION
control field 20250324105607.0
008 - FIXED-LENGTH DATA ELEMENTS--GENERAL INFORMATION
fixed length control field 020402s2003 mauab 000 0 eng
020 ## - INTERNATIONAL STANDARD BOOK NUMBER
International Standard Book Number 0201770512 (US)
020 ## - INTERNATIONAL STANDARD BOOK NUMBER
International Standard Book Number 0273655493 (UK)
050 00 - LIBRARY OF CONGRESS CALL NUMBER
Classification number HD82
Item number .T552 2003
082 00 - DEWEY DECIMAL CLASSIFICATION NUMBER
Classification number 338.9/009172/4
Edition information 21
100 1# - MAIN ENTRY--PERSONAL NAME
Personal name Todaro, Michael P.
245 10 - TITLE STATEMENT
Title Economic development /
Statement of responsibility, etc. Michael P. Todaro, Stephen C. Smith.
250 ## - EDITION STATEMENT
Edition statement 8th ed.
260 ## - PUBLICATION, DISTRIBUTION, ETC.
Place of publication, distribution, etc. Boston :
Name of publisher, distributor, etc. Addison Wesley,
Date of publication, distribution, etc. c2003.
300 ## - PHYSICAL DESCRIPTION
Extent xxvii, 829 p. :
Other physical details ill., maps ;
Dimensions 24 cm.
440 #4 - SERIES STATEMENT/ADDED ENTRY--TITLE
Title The Addison-Wesley series in economics
650 #0 - SUBJECT ADDED ENTRY--TOPICAL TERM
Topical term or geographic name entry element Economic development.
700 1# - ADDED ENTRY--PERSONAL NAME
Personal name Smith, Stephen C.,
Dates associated with a name 1955-
942 ## - ADDED ENTRY ELEMENTS (KOHA)
Source of classification or shelving scheme Library of Congress Classification
Koha item type Books
Suppress in OPAC No
999 ## -
-- 5129
-- 5129
Holdings
Withdrawn status Lost status Source of classification or shelving scheme Damaged status Not for loan Collection Home library Current library Shelving location Date acquired Total checkouts Full call number Barcode Date last seen Copy number Price effective from Koha item type
    Library of Congress Classification     Non-fiction Undergraduate Library (Christ Temple) Undergraduate Library (Christ Temple) General stacks 03/24/2025   HD82.T552 TOD ulct00001921 03/24/2025 1 03/24/2025 Books
© 2023-2024 Copyright: Central University Libraries. All Rights Reserved | Created by: Mahone Tech Office